Normal view MARC view
  • LITURGIA

Entry TÉRMINO TEMÁTICO

Number of records used in: 1

001 - NUMERO DE CONTROL DEL REGISTRO

  • campo de control: 429392

003 - IDENTIFICADOR DEL NUMERO DE CONTROL

  • campo de control: ES-SlBCS

005 - FECHA Y HORA DE LA ULTIMA TRANSACCION

  • campo de control: 20260312092916.0

008 - ELEMENTOS DE LONGITUD FIJA

  • campo de control de longitud fija: 260312|| aca||aabn | a|a d

040 ## - FUENTE DE LA CATALOGACION

  • Agencia que crea de manera original el registro: ES-SlBCS
  • Agencia que realiza la transcripción: ES-SlBCS

150 ## - ENCABEZAMIENTO - TEMÁTICO

  • Encabezamiento temático: LITURGIA
  • Subdivisión de forma: Guiones litúrgicos
  • Subdivisión general: Ciclo B

670 ## - FUENTE EN LA QUE SE LOCALIZARON DATOS

  • Cita de la fuente: Work cat.: (ES-SlBCS): Román Martínez, Carmen (coord.) - Mariño Rico, Águeda - Martínez Higueras, Mariela 429371, Tú tienes mucho que ver. Somos oportunidad. Somos esperanza. Cuaresma y Pascua 2024., 2024

Bibliotecas Dominicos Provincia Hispania, 2016

Con tecnología Koha